Wellington : (Record no. 14118)

000 -LEADER
fixed length control field 01651cam a2200421 a 4500
001 - CONTROL NUMBER
control field 14466540
005 - DATE AND TIME OF LATEST TRANSACTION
control field 20170105102847.0
008 - FIXED-LENGTH DATA ELEMENTS--GENERAL INFORMATION
fixed length control field 060725s2007 dcuabf b 001 0beng
010 ## - LIBRARY OF CONGRESS CONTROL NUMBER
LC control number 2006024099
015 ## - NATIONAL BIBLIOGRAPHY NUMBER
National bibliography number GBA6A4566
Source bnb
016 7# - NATIONAL BIBLIOGRAPHIC AGENCY CONTROL NUMBER
Record control number 013624747
Source Uk
020 ## - INTERNATIONAL STANDARD BOOK NUMBER
International Standard Book Number 1574888927 (alk. paper)
020 ## - INTERNATIONAL STANDARD BOOK NUMBER
International Standard Book Number 9781574888928 (alk. paper)
020 ## - INTERNATIONAL STANDARD BOOK NUMBER
International Standard Book Number 1574888935 (pbk. : alk. paper)
020 ## - INTERNATIONAL STANDARD BOOK NUMBER
International Standard Book Number 9781574888935 (pbk. : alk. paper)
035 ## - SYSTEM CONTROL NUMBER
System control number (OCoLC)ocm70836647
035 ## - SYSTEM CONTROL NUMBER
System control number (OCoLC)70836647
040 ## - CATALOGING SOURCE
Original cataloging agency DLC
Transcribing agency DLC
Modifying agency BAKER
-- UKM
-- BTCTA
-- C#P
-- YDXCP
-- DLC
043 ## - GEOGRAPHIC AREA CODE
Geographic area code e-uk---
050 00 - LIBRARY OF CONGRESS CALL NUMBER
Classification number DA68.12.W4
Item number H39 2007
082 00 - DEWEY DECIMAL CLASSIFICATION NUMBER
Classification number 941.081092
-- B
Edition number 22
100 1# - MAIN ENTRY--PERSONAL NAME
Personal name Haythornthwaite, Philip J.
245 10 - TITLE STATEMENT
Title Wellington :
Remainder of title the Iron Duke /
Statement of responsibility, etc. Philip Haythornthwaite.
250 ## - EDITION STATEMENT
Edition statement 1st ed.
260 ## - PUBLICATION, DISTRIBUTION, ETC.
Place of publication, distribution, etc. Washington, D.C. :
Name of publisher, distributor, etc. Potomac Books,
Date of publication, distribution, etc. c2007.
300 ## - PHYSICAL DESCRIPTION
Extent xvi, 125 p., [16] p. of plates :
Other physical details ill., maps ;
Dimensions 21 cm.
440 #0 - SERIES STATEMENT/ADDED ENTRY--TITLE
Title Military profiles
504 ## - BIBLIOGRAPHY, ETC. NOTE
Bibliography, etc. note Includes bibliographical references (p. 113-115) and index.
600 10 - SUBJECT ADDED ENTRY--PERSONAL NAME
Personal name Wellington, Arthur Wellesley,
Titles and other words associated with a name Duke of,
Dates associated with a name 1769-1852.
650 #0 - SUBJECT ADDED ENTRY--TOPICAL TERM
Topical term or geographic name entry element Prime ministers
Geographic subdivision Great Britain
Form subdivision Biography.
650 #0 - SUBJECT ADDED ENTRY--TOPICAL TERM
Topical term or geographic name entry element Generals
Geographic subdivision Great Britain
General subdivision Biography.
651 #0 - SUBJECT ADDED ENTRY--GEOGRAPHIC NAME
Geographic name Great Britain
General subdivision Politics and government
Chronological subdivision 19th century.
651 #0 - SUBJECT ADDED ENTRY--GEOGRAPHIC NAME
Geographic name Great Britain
General subdivision History, Military
Chronological subdivision 19th century.
856 41 - ELECTRONIC LOCATION AND ACCESS
Materials specified Table of contents only
Uniform Resource Identifier <a href="http://www.loc.gov/catdir/toc/ecip0618/2006024099.html">http://www.loc.gov/catdir/toc/ecip0618/2006024099.html</a>
906 ## - LOCAL DATA ELEMENT F, LDF (RLIN)
a 7
b cbc
c orignew
d 1
e ecip
f 20
g y-gencatlg
942 ## - ADDED ENTRY ELEMENTS (KOHA)
Source of classification or shelving scheme
Koha item type Book
Holdings
Withdrawn status Lost status Damaged status Not for loan Collection code Permanent Location Current Location Shelving location Date acquired Total Checkouts Full call number Barcode Date last seen Price effective from Koha item type
          Centre for International Peace & Stability (CIPS) Centre for International Peace & Stability (CIPS) General Stacks 08/05/2013   941.081092 HAY 2009 CIPS0000539 08/19/2013 08/19/2013 Book
© 2023 Central Library, National University of Sciences and Technology. All Rights Reserved.